South Dakota City Quiz - Statistics

General Stats
  • This quiz has been taken 38 times
  • The average score is 11 of 15
Answer Stats
Hint Answer % Correct
Capital Pierre
100%
Largest city in west South Dakota Rapid City
100%
Largest City Sioux Falls
100%
Third biggest city Aberdeen
96%
Known for its gold rush history (starts with D) Deadwood
93%
Home to the Corn Palace Mitchell
89%
Thousands of bikers flock here in the summer Sturgis
82%
Home to the world's biggest drug store Wall
82%
Named after one of SD's most popular parks (starts with C) Custer
75%
Town where Mt. Rushmore is (starts with K) Keystone
68%
North part of a city in Iowa North Sioux City
54%
Two of the town's attractions are The Mammoth Site & Evan's Plunge. South of the town named after a park Hot Springs
50%
Oldest existing city in Pennington Country (two words, starts with H) Hill City
32%
Small town a couple minutes from Minnesota's border, two words (starts with V, second word starts with S) Valley Springs
29%
Smallest city, with a population of 76 (starts of H) Hillsview
14%
No matching quizzes found
Score Distribution
Percent of People with Each Score
Percentile by Number Answered
Your Score History
You have not taken this quiz